[Event "IECC CL6-2002.18"]
[Site "IECC email"]
[Date "2002.05.25"]
[Round "?"]
[White "Kowalski, Boleslaw"]
[Black "De Jong, Michel"]
[Result "0-1"]
[WhiteElo "1627"]
[BlackElo "1304"]
[PlyCount "100"]
[EventDate "2002.??.??"]
[EventType "tourn (corr)"]
[EventRounds "4"]
[SourceTitle "Corr 2008"]
[Source "ChessBase"]
[SourceDate "2008.06.24"]
[SourceVersion "1"]
[SourceVersionDate "2008.06.24"]
[SourceQuality "1"]

1. e4 c5 2. d4 cxd4 3. c3 dxc3 4. Nxc3 e6 5. Nf3 Bc5 6. Be2 Nc6 7. e5 d6 8. exd6 Qxd6 9. Qxd6 Bxd6 10. 0-0 Nf6 11. Rd1 Be7 12. Bf4 Bd7 13. Rd2 Bb4 14. Rc1 0-0 15. a3 Bxc3 16. bxc3 Nd5 17. Bd6 Rfc8 18. c4 Na5 19. Rb2 b6 20. Rbb1 Nb7 21. Bg3 Ne7 22. Ne5 Be8 23. Bf3 Nc6 24. Rd1 Nca5 25. Re1 Rc7 26. Rbd1 f6 27. Ng4 e5 28. Ne3 Bf7 29. Bd5 Bxd5 30. cxd5 Nd6 31. f4 e4 32. f5 Nab7 33. a4 Rc3 34. Bf4 Rac8 35. Ra1 Nc4 36. Nd1 Rd3 37. Rxe4 Nbd6 38. Bxd6 Nxd6 39. Re7 Nxf5 40. Rxa7 Rxd5 41. Rb7 Rd2 42. Kf1 Rcc2 43. Rxb6 Rxg2 44. Rc6 Rcd2 45. Rc8+ Kf7 46. Rd8 Rxd8 47. Kxg2 Rxd1 48. Rxd1 Ne3+ 49. Kf3 Nxd1 50. a5 Nc3 0-1

[Event "IECC M email"]
[Site "IECC email"]
[Date "2002.04.16"]
[Round "?"]
[White "De Jong, Michel"]
[Black "Dawson, Peter"]
[Result "1-0"]
[WhiteElo "1333"]
[BlackElo "1314"]
[PlyCount "103"]
[EventDate "2002.??.??"]
[EventType "tourn (corr)"]
[EventRounds "6"]
[SourceTitle "Corr 2008"]
[Source "ChessBase"]
[SourceDate "2008.06.24"]
[SourceVersion "1"]
[SourceVersionDate "2008.06.24"]
[SourceQuality "1"]

1. e4 c5 2. Nf3 Nc6 3. d4 cxd4 4. Nxd4 g6 5. Nc3 Bg7 6. Be3 Nf6 7. Nxc6 bxc6 8. e5 Nd5 9. Nxd5 cxd5 10. Qxd5 Rb8 11. 0-0-0 Bb7 12. Qd4 Qc7 13. f4 Rc8 14. Qa4 Bc6 15. Qxa7 Qxa7 16. Bxa7 Ra8 17. Be3 Rxa2 18. Kb1 Ra8 19. Rd2 0-0 20. Bc4 Ra4 21. b3 Rb8 22. Bd5 Bxd5 23. Rxd5 d6 24. Bd4 Ra6 25. Rd1 f6 26. exf6 exf6 27. f5 Kf7 28. Bb2 Bf8 29. g4 Re8 30. h4 Re4 31. g5 Rxh4 32. fxg6+ Kxg6 33. gxf6 Kf7 34. Rg1 h6 35. Rb5 Ra7 36. Rb8 d5 37. Rd8 Rh5 38. Bd4 Rb7 39. Rg7+ Bxg7 40. fxg7 Rg5 41. Rf8+ Ke6 42. g8Q+ Rxg8 43. Rxg8 Rh7 44. b4 h5 45. b5 h4 46. Rg2 h3 47. Rh2 Kf5 48. b6 Kg4 49. Be5 Rb7 50. Bc7 d4 51. Kb2 Kh4 52. Kb3 1-0